000 00677nam a2200241 a 4500
003 MX-MxUPN
005 20240612064141.0
008 991125s1904 mx r 000 0 spa u
035 _aUPN01000018986
040 _aMX-MxUPN
_bspa
_cMX-MxUPN
041 0 _aspa
050 4 _aBJ66 Z33b
_b1904
100 1 _aZamacois, Miguel de
_947270
100 1 _aFernández, Santos
245 1 0 _aElementos de moral
260 _aMéxico :
_bHerrero,
_c1904.
300 _a80 páginas
490 0 _aBiblioteca económica de las escuelas;
_v1
650 4 _aÉtica
_xEstudio y enseñanza
_912687
650 4 _aÉtica
_vLibros de texto
_951545
904 _aAC
_b018987
942 _2lcc
_cLIBRO
999 _c18986
_d18986